| 000 | 02929nam a2200313Ia 4500 | ||
|---|---|---|---|
| 003 | OSt | ||
| 005 | 20210818163945.0 | ||
| 008 | 210310s1998 ck ad gr 000 0dspa d | ||
| 020 | _a9586017796 | ||
| 040 |
_aCO-JMCR _cCO-JMCR |
||
| 041 | 0 | _aspa | |
| 082 | 0 | 4 |
_a338.98 / _bG516c _223 |
| 100 | 1 |
_aGiraldo Giraldo, César, _917088 _eautor |
|
| 245 | 1 | 0 |
_aCrisis fiscal y financiera en América Latina / _cCésar Giraldo Giraldo, Pierre Salama, Jorge Iván González [y 1 más] |
| 250 | _aPrimera edición | ||
| 260 |
_aBogotá : _bTercer Mundo S.A. : ESAP, _c1998 |
||
| 300 |
_aXIII, 189 páginas : _bilustraciones y gráficas a blanco y negro ; _c21 cm. |
||
| 490 | 0 | _aAcadémica | |
| 500 | _aIncluye notas a pie de página. | ||
| 504 | _aBibliografía al final de cada capítulo. | ||
| 505 | 0 | _aHegemonía del capital financiero internacional y política económica en América Latina -- Financiarización excluyente de las economías latinoamericanas -- De lo financiero a la flexibilidad en América Latina y Norte y sureste de Asia -- Nueva crisis fiscal -- La deuda interna al servicio de la política monetaria -- La política fiscal en el modelo de sustitución de importaciones | |
| 520 | 3 | _aLa tesis central de La crisis fiscal y la crisis financiera en Amé rica Latina es que existe una hegemonía del capital financiero que ha condicionado la evolución de las variables fiscales y de la política económica de la región. Para poder extraer rentas financieras de los países, dicho capital requiere la adopción de ciertas decisiones de política económica; que permitan: aumentar la tasa de ganancia de la economía; que dicha ganancia pueda ser vertida en moneda divisa para poderla realizar en los mercados internacionales de capitales; garantizar la circulación del capital para poder permear todos los procesos económicos, y absorber las actividades del Estado que son excedentarias. Con el objeto de alcanzar los tres primeros objetivos se precisa flexibilizar los mercados de trabajo y capital. El primero para disminuir los salarios y así poder aumentar la plusvalía absoluta (el capital financiero no tiene la paciencia necesaria para inducir un cambio técnico que permita aumentar la plusvalía relativa), y el segundo para permitir la libre circulación del capital. Además de la flexibilización señalada, se promueven políticas de privatización con el objeto de absorber los excedentes existentes en el Estado. Las políticas mencionadas, flexibilización y privatización, se promueven con el discurso de darle preeminencia al mercado, que es lo que se conoce como el discurso neoliberal. | |
| 650 | 1 | 4 |
_aCrisis financiera _917090 _zAmérica Latina |
| 650 | 2 | 4 |
_aHacienda pública _zAmérica Latina _939498 |
| 650 | 2 | 4 |
_aDéficit fiscal _zAmérica Latina _939499 |
| 700 | 1 |
_aSalama, Pierre, _eautor _95513 |
|
| 700 | 1 |
_aGonzález, Jorge Iván, _eautor _95104 |
|
| 942 |
_2ddc _cBK |
||
| 999 |
_c8375 _d8375 |
||